Нравственные ценности как фактор формирования гуманитарного мышления; Воспитание личности на рубеже веков: взгляд из Сибири

Bibliographic Details
Parent link:Воспитание личности на рубеже веков: взгляд из Сибири.— 2001.— С. 110-111.
Main Author: Тычкин П. Б.
Language:Russian
Published: 2001
Subjects:
Format: MixedMaterials Book Chapter
KOHA link:https://koha.lib.tpu.ru/cgi-bin/koha/opac-detail.pl?biblionumber=77904

MARC

LEADER 00000naa2a2200000 4500
001 77904
005 20231031093515.0
035 |a (RuTPU)RU\TPU\book\83507 
090 |a 77904 
100 |a 20050602d2001 k y0rusy50 ca 
101 0 |a rus 
102 |a RU 
200 1 |a Нравственные ценности как фактор формирования гуманитарного мышления  |f П. Б. Тычкин 
463 0 |0 (RuTPU)RU\TPU\book\25682  |t Воспитание личности на рубеже веков: взгляд из Сибири  |o Тезисы 2-й межвузовской научно-практической конференции, 20-21 февраля, 2001 г., Томск  |f ТПУ  |v С. 110-111.  |d 2001  |p 192 с. 
610 1 |a гуманитарное мышление 
610 1 |a нравственные ценности 
610 1 |a общество 
610 1 |a нравственное здоровье 
610 1 |a моральные нормы 
610 1 |a формирование ценностей 
610 1 |a система ценностей 
610 1 |a труды учёных ТПУ 
700 1 |a Тычкин  |b П. Б. 
801 1 |a RU  |b 63413507  |c 20050602  |g PSBO 
942 |c BK